03320cam a22003974a 45000010009000000050017000090080041000260100015000670200029000820200025001110400028001360430012001640820021001761000037001972450109002342500025003432600095003683000050004634900038005135000024005515000028005755040031006035050272006345200924009065200639018306500024024696510051024936510054025446530024025986550024026227000030026468300038026769420021027149990017027359520170027521629584120201128021157.0100622r20102011xxkabd fr2b f001 0 eng d a2010026375 a9780521519397 (hardback) a9780521737449 (pbk.) aDLCcDLCdDLCdEG-ScBUE aaw-----00a338.956222bHEN1 aHenry, Clement M.,d1937-93715710aGlobalization and the politics of development in the Middle East /cClement M. Henry, Robert Springborg. a2nd ed.,breprinted. aCambridge, United Kingdom ;aNew York, United States :bCambridge University Press,c2010. axxi, 358 p. :bcharts, maps, tables ;c24 cm.1 aThe contemporary Middle East ;v1 aIndex : p. 349-358. aReprint of the 2010 ed. aBibliography : p. 325-348.8 aMachine generated contents note : 1. The globalization dialectic ; 2. The challenges of globalization ; 3. Political capacities and local capital ; 4. Bunker state ; 5. Bully praetorian states ; 6. Globalization monarchies ; 7. Precarious democracies ; 8. Conclusion. a"In a new edition of their book on the economic development of the Middle East and North Africa, Clement Henry and Robert Springborg reflect on what has happened to the region's economy since 2001. How have the various countries in the Middle East responded to the challenges of globalization and to the rise of political Islam, and what changes, for better or for worse, have occurred? Utilizing the country categories they applied in the previous book and further elaborating the significance of the structural power of capital and Islamic finance, they demonstrate how over the past decade the monarchies (as exemplified by Jordan, Morocco, and those of the Gulf Cooperation Council) and the conditional democracies (Israel, Turkey, and Lebanon) continue to do better than the military dictatorships or "bullies" (Egypt, Tunisia, and now Iran) and "the bunker states" (Algeria, Iraq, Libya, Sudan, Syria, and Yemen)" a"Books published in The Contemporary Middle East series address the major political, economic and social debates facing the region today. Each title comprises a survey of the available literature against the background of the author's own critical interpretation which is designed to challenge and encourage independent analysis. While the focus of the series is the Middle East and North Africa, books are presented as aspects of the rounded treatment, which cut across disciplinary and geographic boundaries. They are intended to initiate debate in the classroom, and to foster understanding amongst professionals and policy-makers" 0aGlobalization92820 0aMiddle EastxEconomic conditionsy1979-929203 0aMiddle EastxPolitics and governmenty1979-95089 bBUSBOLcJanuary2015 vreading book9342321 aSpringborg, Robert937158 4aThe contemporary Middle East ;v1 2ddck338.956 HEN c18873d18845 00102ddc40708BaccahaMAINbMAINc1STd2015-01-14epurchaseg214.00h21291l6m10o338.956 HENp000037295q2021-10-09r2019-10-13 00:00:00s2019-10-13v268.00yBB